[Event "Bozen Harrwitz Memorial"]
[Site "Bozen"]
[Date "2024.06.22"]
[Round "2"]
[White "Korneev, Oleg"]
[Black "Ferrante, Marco"]
[Result "1/2-1/2"]
[WhiteElo "2464"]
[BlackElo "2028"]
[PlyCount "41"]
[EventDate "2024.06.21"]
[EventType "swiss"]
[EventRounds "5"]
[EventCountry "ITA"]
[SourceTitle "CBM 220 Extra"]
[Source "ChessBase"]
[SourceDate "2024.07.31"]
[SourceVersion "1"]
[SourceVersionDate "2024.07.31"]
[SourceQuality "1"]

1. e4 e5 2. Nf3 Nc6 3. Bb5 Nf6 4. d3 Bc5 5. c3 0-0 6. 0-0 d5 7. Nbd2 dxe4 8. dxe4 Qe7 9. Qe2 a5 10. a4 Na7 11. Bc4 h6 12. Nb3 Bb6 13. Nh4 Kh7 14. h3 Nc6 15. Kh1 Nxe4 16. Qxe4+ f5 17. Nxf5 Bxf5 18. Qe2 Qh4 19. Be3 e4 20. Bxb6 cxb6 21. Qe3 1/2-1/2

[Event "Andorra op 36th"]
[Site "Escaldes"]
[Date "2018.07.28"]
[Round "8"]
[White "Orteu Capdevila, Max"]
[Black "Ferrante, Marco"]
[Result "0-1"]
[WhiteElo "2158"]
[BlackElo "2290"]
[PlyCount "110"]
[EventDate "2018.07.21"]
[EventType "swiss"]
[EventRounds "9"]
[EventCountry "AND"]
[SourceTitle "CBM 185 Extra"]
[Source "ChessBase"]
[SourceDate "2018.07.29"]
[SourceVersion "1"]
[SourceVersionDate "2018.07.29"]
[SourceQuality "1"]

1. c4 e6 2. Nf3 Nf6 3. Nc3 d5 4. e3 Nbd7 5. b3 c6 6. Bb2 a5 7. Qc2 Nc5 8. d4 Nce4 9. Bd3 Bb4 10. 0-0 Nxc3 11. Bxc3 Bxc3 12. Qxc3 0-0 13. Ne5 Nd7 14. f4 f5 15. Rf2 Qb6 16. c5 Qb4 17. Qb2 Nxe5 18. fxe5 a4 19. a3 Qa5 20. b4 Qd8 21. b5 Qa5 22. Qb4 Bd7 23. Qxa5 Rxa5 24. bxc6 Bxc6 25. Rb1 Ra7 26. Rb6 Rc8 27. Rfb2 Rc7 28. Kf2 Kf7 29. Ke1 g6 30. Kd2 Kg7 31. Bb5 Kh6 32. Bd3 Kg5 33. Ke1 h5 34. Kf2 h4 35. Kf3 Ra8 36. Bb5 Ra7 37. g3 Kh5 38. Rb4 g5 39. Kf2 hxg3+ 40. hxg3 Kg6 41. g4 Ra8 42. Kg3 f4+ 43. exf4 gxf4+ 44. Kxf4 Rf8+ 45. Ke3 Rcf7 46. Bd3+ Kg5 47. Rb1 Rf3+ 48. Kd2 R8f4 49. R6b4 Rxg4 50. Re1 Rgg3 51. Bc2 Rxa3 52. Rbb1 Raf3 53. Bxa4 Rd3+ 54. Kc1 Bxa4 55. Rxb7 Rc3+ 0-1

[Event "Andorra op 36th"]
[Site "Escaldes"]
[Date "2018.07.27"]
[Round "7"]
[White "Ferrante, Marco"]
[Black "Alboredo, Julia"]
[Result "0-1"]
[WhiteElo "2290"]
[BlackElo "2163"]
[PlyCount "138"]
[EventDate "2018.07.21"]
[EventType "swiss"]
[EventRounds "9"]
[EventCountry "AND"]
[SourceTitle "CBM 185 Extra"]
[Source "ChessBase"]
[SourceDate "2018.07.29"]
[SourceVersion "1"]
[SourceVersionDate "2018.07.29"]
[SourceQuality "1"]

1. e4 c5 2. Nf3 d6 3. Bb5+ Nd7 4. d4 cxd4 5. Qxd4 a6 6. Bxd7+ Bxd7 7. Nc3 e5 8. Qd3 Rc8 9. 0-0 h6 10. Rd1 Nf6 11. Nd2 Bg4 12. f3 Be6 13. Nf1 Qc7 14. Ne3 Be7 15. Bd2 0-0 16. Kh1 Bc4 17. Nxc4 Qxc4 18. Be1 b5 19. b4 Qxd3 20. Rxd3 Rc4 21. a3 Rfc8 22. Ra2 Kf8 23. Kg1 g5 24. h3 Nh5 25. g3 Nxg3 26. Bxg3 Rxc3 27. a4 Rxd3 28. cxd3 Rc1+ 29. Kg2 Rb1 30. axb5 axb5 31. Ra8+ Kg7 32. Ra7 Kf6 33. d4 exd4 34. Kf2 Rxb4 35. f4 Rb2+ 36. Kf3 d3 37. Bf2 Rb4 38. e5+ Kg7 39. Ke3 dxe5 40. Rxe7 exf4+ 41. Kxd3 Rb3+ 42. Ke4 Kg6 43. Rb7 Rxh3 44. Rb6+ Kh5 45. Kf5 Rd3 46. Rxb5 Rd2 47. Rb1 Rd5+ 48. Ke4 Ra5 49. Bb6 f5+ 50. Kd4 Ra4+ 51. Ke5 Kg6 52. Bd4 Ra5+ 53. Ke6 g4 54. Be5 Ra6+ 55. Ke7 Kg5 56. Rb8 f3 57. Rg8+ Rg6 58. Rb8 f2 59. Rb1 f4 60. Rb5 Kh4 61. Rb1 g3 62. Kf7 Ra6 63. Bd4 Ra4 64. Bb6 Re4 65. Rf1 Kg4 66. Bxf2 gxf2 67. Rxf2 Kg3 68. Rb2 f3 69. Kg6 f2 0-1

[Event "Kolding-ch DanPumps Master 1"]
[Site "Kolding"]
[Date "2018.04.??"]
[Round "5"]
[White "Veng, Johny"]
[Black "Ferrante, Marco"]
[Result "1/2-1/2"]
[WhiteElo "2226"]
[BlackElo "2261"]
[PlyCount "30"]
[EventDate "2018.04.13"]
[EventType "tourn"]
[EventRounds "5"]
[EventCountry "DEN"]
[SourceTitle "EXT 2023"]
[Source "ChessBase"]
[SourceDate "2022.10.05"]
[SourceVersion "1"]
[SourceVersionDate "2022.10.05"]
[SourceQuality "1"]

1. d4 d5 2. Nf3 Nf6 3. c4 c6 4. Nc3 a6 5. g3 dxc4 6. Bg2 g6 7. Ne5 Be6 8. 0-0 Bg7 9. e4 Nfd7 10. Nf3 Bg4 11. h3 Bxf3 12. Bxf3 e5 13. d5 0-0 14. Be3 cxd5 15. Nxd5 Nc6 1/2-1/2

[Event "Lisbon Portugal rapid op"]
[Site "Lisbon"]
[Date "2018.02.10"]
[Round "5"]
[White "Dumont, Andre"]
[Black "Ferrante, Marco"]
[Result "1-0"]
[WhiteElo "2019"]
[BlackElo "2267"]
[PlyCount "81"]
[EventDate "2018.02.10"]
[EventType "swiss (rapid)"]
[EventRounds "8"]
[EventCountry "POR"]
[SourceTitle "CBM 182 Extra"]
[Source "ChessBase"]
[SourceDate "2018.02.23"]
[SourceVersion "1"]
[SourceVersionDate "2018.02.23"]
[SourceQuality "1"]

1. Nf3 d5 2. e3 Bg4 3. d4 e6 4. Be2 Nf6 5. 0-0 Nbd7 6. b3 Bd6 7. Bb2 Bxf3 8. Bxf3 0-0 9. c4 c6 10. cxd5 exd5 11. g3 Qe7 12. Nd2 Rfe8 13. Bg2 a5 14. a3 h5 15. Nf3 Ne4 16. Nh4 g6 17. Re1 Qf6 18. Qf3 Qg5 19. Qe2 Qd8 20. Bxe4 Rxe4 21. f3 Re6 22. e4 Qb6 23. Qd3 Rae8 24. e5 Bxe5 25. f4 Bf6 26. Rxe6 Rxe6 27. f5 Re4 28. fxg6 Bxh4 29. gxf7+ Kxf7 30. gxh4 Nf6 31. Rf1 Qd8 32. Bc1 Qg8+ 33. Bg5 Re6 34. Qg3 Qg6 35. Qc7+ Re7 36. Qxa5 Re6 37. Qc7+ Kg8 38. Qg3 Ne4 39. Qf4 Re8 40. Kh1 Qd6 41. Qf5 1-0

[Event "Horsens Lang Weekend"]
[Site "Horsens"]
[Date "2017.07.15"]
[Round "5"]
[White "Matthiesen, Martin"]
[Black "Ferrante, Marco"]
[Result "1-0"]
[WhiteElo "2344"]
[BlackElo "2260"]
[PlyCount "91"]
[EventDate "2017.07.13"]
[EventType "swiss"]
[EventRounds "7"]
[EventCountry "DEN"]
[SourceTitle "EXT 2018"]
[Source "ChessBase"]
[SourceDate "2017.10.13"]
[SourceVersion "1"]
[SourceVersionDate "2017.10.13"]
[SourceQuality "1"]

1. d4 d5 2. Bf4 Nf6 3. e3 c6 4. c4 g6 5. Nf3 Nh5 6. Bg5 Bg7 7. Nc3 h6 8. Bh4 Qb6 9. cxd5 Qxb2 10. Rc1 Bg4 11. Rc2 Qb4 12. Qd2 g5 13. Bg3 Nxg3 14. hxg3 Bxf3 15. gxf3 Qa5 16. Rb2 Qc7 17. Bg2 cxd5 18. Nxd5 Qd7 19. f4 Nc6 20. 0-0 Rc8 21. fxg5 hxg5 22. Rc1 0-0 23. Rbc2 e6 24. Nc3 Nb4 25. Rb2 Nd5 26. Nxd5 exd5 27. Rbc2 Rxc2 28. Rxc2 b6 29. Qc1 Qf5 30. Rc7 a5 31. Qb2 Re8 32. Qb5 Re6 33. Rc8+ Bf8 34. Qd7 Qb1+ 35. Bf1 Qxa2 36. Qd8 Qa3 37. Qxg5+ Rg6 38. Qxd5 Qd6 39. Qe4 a4 40. Ra8 a3 41. Bc4 Kg7 42. Ra7 Rf6 43. Qg4+ Kh6 44. Qh4+ Kg7 45. Qg5+ Kh8 46. Bxf7 1-0

[Event "Fredericia"]
[Site "Fredericia"]
[Date "2017.05.28"]
[Round "2"]
[White "Ferrante, Marco"]
[Black "Grabarczyk, Miroslaw"]
[Result "1/2-1/2"]
[WhiteElo "2259"]
[BlackElo "2436"]
[PlyCount "86"]
[EventDate "2017.05.24"]
[EventType "tourn"]
[EventRounds "9"]
[EventCountry "DEN"]
[EventCategory "4"]
[SourceTitle "CBM 178 Extra"]
[Source "ChessBase"]
[SourceDate "2017.06.22"]
[SourceVersion "1"]
[SourceVersionDate "2017.06.22"]
[SourceQuality "1"]

1. e4 e5 2. Nf3 Nc6 3. d4 exd4 4. Bc4 Nf6 5. e5 d5 6. Bb5 Nd7 7. 0-0 Be7 8. Bxc6 bxc6 9. Nxd4 Nb8 10. Nc3 0-0 11. Qf3 Kh8 12. Re1 Be6 13. Nce2 Bc5 14. Nf5 Nd7 15. Ned4 Bxd4 16. Nxd4 c5 17. Nxe6 fxe6 18. Qh3 Qe7 19. b3 Rf5 20. f4 Raf8 21. g3 c4 22. Be3 Qb4 23. g4 R5f7 24. f5 cxb3 25. axb3 Nxe5 26. Bxa7 c5 27. c3 Qf4 28. Rf1 Qxg4+ 29. Qxg4 Nxg4 30. fxe6 Rxf1+ 31. Rxf1 Re8 32. Bxc5 Nf6 33. e7 Kg8 34. Rf5 Kf7 35. Re5 Ra8 36. b4 Ke8 37. Bd4 Rb8 38. Re6 Rc8 39. Kg2 Ne4 40. Bxg7 Nxc3 41. Bxc3 Rxc3 42. b5 d4 43. b6 d3 1/2-1/2

[Event "Gibraltar Masters 11th"]
[Site "Caleta"]
[Date "2013.01.29"]
[Round "8"]
[White "Mueller, Hans Dieter"]
[Black "Ferrante, Marco"]
[Result "0-1"]
[WhiteElo "2087"]
[BlackElo "2227"]
[PlyCount "76"]
[EventDate "2013.01.22"]
[EventType "swiss"]
[EventRounds "10"]
[EventCountry "GGB"]
[SourceTitle "CBM 153"]
[Source "ChessBase"]
[SourceDate "2013.03.14"]
[SourceVersion "1"]
[SourceVersionDate "2013.03.14"]
[SourceQuality "1"]

1. e4 d5 2. exd5 Qxd5 3. Nc3 Qa5 4. d4 Nf6 5. Bc4 Bg4 6. Nge2 Nc6 7. 0-0 0-0-0 8. Qe1 e5 9. dxe5 Nxe5 10. Bb3 Bb4 11. f3 Bf5 12. Qg3 h5 13. Qg5 Bg6 14. Bf4 Bd6 15. Rad1 Rde8 16. Kh1 h4 17. Bxe5 Rxe5 18. Qd2 Nh5 19. f4 Rf5 20. Nd5 Qc5 21. Rf3 a6 22. Rd3 Qf2 23. Ne7+ Kb8 24. Nxf5 Bxf5 25. Rf3 Qb6 26. Bd5 Bg4 27. Rb3 Qf2 28. Bxb7 Bxe2 29. Bf3+ Kc8 30. Bxh5 Rxh5 31. Rf3 Bxf3 32. Qxf2 Bxd1 33. Qe1 Bxc2 34. Qe2 Rc5 35. Qxa6+ Kb8 36. Qe2 Be4 37. Qe1 Rc2 38. Qd1 Bxg2+ 0-1

[Event "Gibraltar Masters 11th"]
[Site "Caleta"]
[Date "2013.01.28"]
[Round "7"]
[White "Ferrante, Marco"]
[Black "Poetsch, Hagen"]
[Result "0-1"]
[WhiteElo "2227"]
[BlackElo "2437"]
[PlyCount "50"]
[EventDate "2013.01.22"]
[EventType "swiss"]
[EventRounds "10"]
[EventCountry "GGB"]
[SourceTitle "CBM 153"]
[Source "ChessBase"]
[SourceDate "2013.03.14"]
[SourceVersion "1"]
[SourceVersionDate "2013.03.14"]
[SourceQuality "1"]

1. e4 c5 2. Nf3 d6 3. d4 cxd4 4. Nxd4 Nf6 5. Nc3 a6 6. Bg5 Nbd7 7. Bc4 Qb6 8. Qd2 Qxb2 9. Rb1 Qa3 10. 0-0 e6 11. Kh1 Be7 12. f4 Qa5 13. Rbe1 h6 14. Bxe6 hxg5 15. Bxd7+ Bxd7 16. e5 Ng4 17. exd6 Rxh2+ 18. Kg1 0-0-0 19. dxe7 Rdh8 20. e8Q+ Bxe8 21. Rxe8+ Rxe8 22. Rf3 gxf4 23. Rh3 f3 24. Rxf3 Qh5 25. Rh3 Qxh3 0-1

[Event "Senigallia Perini Memorial 3rd"]
[Site "Senigallia"]
[Date "2009.08.09"]
[Round "9"]
[White "Mandolini, Riccardo"]
[Black "Ferrante, Marco"]
[Result "1/2-1/2"]
[WhiteElo "1977"]
[BlackElo "2128"]
[PlyCount "75"]
[EventDate "2009.08.01"]
[EventType "swiss"]
[EventRounds "9"]
[EventCountry "ITA"]
[SourceTitle "EXT 2010"]
[Source "ChessBase"]
[SourceDate "2010.11.25"]
[SourceVersion "1"]
[SourceVersionDate "2010.11.25"]
[SourceQuality "1"]

1. Nc3 d5 2. e4 e6 3. Nf3 Nf6 4. e5 Nfd7 5. d4 c5 6. Bb5 Nc6 7. 0-0 f6 8. exf6 Nxf6 9. Ne5 Bd7 10. Bg5 cxd4 11. Bxc6 bxc6 12. Qxd4 Be7 13. Nxd7 Qxd7 14. Rae1 Rb8 15. Qe5 Kf7 16. Bf4 g6 17. h3 Rhd8 18. Re3 Bd6 19. Qg5 Bxf4 20. Qxf4 Qd6 21. Qg5 Kg7 22. Rfe1 Re8 23. b3 h6 24. Qg3 Qxg3 25. Rxg3 e5 26. Rd3 Kf7 27. f3 g5 28. Kf2 h5 29. Rd2 Re7 30. Rde2 Rbe8 31. Na4 Nd7 32. h4 g4 33. Nb2 gxf3 34. gxf3 Nc5 35. Nd3 Kf6 36. f4 Kf5 37. fxe5 Rxe5 38. Re4 1/2-1/2

[Event "Senigallia Perini Memorial 3rd"]
[Site "Senigallia"]
[Date "2009.08.08"]
[Round "8"]
[White "Ferrante, Marco"]
[Black "Di Trapani, Davide"]
[Result "0-1"]
[WhiteElo "2128"]
[BlackElo "1883"]
[PlyCount "48"]
[EventDate "2009.08.01"]
[EventType "swiss"]
[EventRounds "9"]
[EventCountry "ITA"]
[SourceTitle "EXT 2010"]
[Source "ChessBase"]
[SourceDate "2010.11.25"]
[SourceVersion "1"]
[SourceVersionDate "2010.11.25"]
[SourceQuality "1"]

1. e4 e5 2. Nf3 Nc6 3. d4 exd4 4. Bc4 Bc5 5. c3 Nf6 6. e5 d5 7. Bb5 Ne4 8. cxd4 Bb4+ 9. Bd2 Nxd2 10. Bxc6+ bxc6 11. Nbxd2 0-0 12. a3 Bxd2+ 13. Qxd2 Bg4 14. Rc1 Qd7 15. Qc3 Rfb8 16. Qxc6 Qxc6 17. Rxc6 Rxb2 18. 0-0 Rb3 19. Rxc7 Rd3 20. Rfc1 g6 21. Rc8+ Rxc8 22. Rxc8+ Kg7 23. Rc7 Rxa3 24. e6 Ra1+ 0-1

[Event "Senigallia Perini Memorial 3rd"]
[Site "Senigallia"]
[Date "2009.08.03"]
[Round "3"]
[White "Dvirnyy, Danyyil"]
[Black "Ferrante, Marco"]
[Result "1-0"]
[WhiteElo "2440"]
[BlackElo "2128"]
[PlyCount "47"]
[EventDate "2009.08.01"]
[EventType "swiss"]
[EventRounds "9"]
[EventCountry "ITA"]
[SourceTitle "EXT 2010"]
[Source "ChessBase"]
[SourceDate "2010.11.25"]
[SourceVersion "1"]
[SourceVersionDate "2010.11.25"]
[SourceQuality "1"]

1. Nf3 d5 2. g3 Nf6 3. Bg2 g6 4. 0-0 Bg7 5. c4 c6 6. cxd5 cxd5 7. Nc3 0-0 8. d4 Nc6 9. Ne5 Be6 10. Bf4 Nh5 11. e3 f6 12. Nd3 Bf7 13. g4 Nxf4 14. Nxf4 e6 15. Rc1 Qb8 16. Nd3 Rd8 17. f4 e5 18. fxe5 fxe5 19. Rxf7 Kxf7 20. Bxd5+ Ke7 21. Qf3 Rxd5 22. Nxd5+ Kd6 23. N5b4 Ne7 24. Nc5 1-0